000 02128nam a2200193Ia 4500
999 _c9707
_d9707
005 20231011165345.0
008 231011s9999 xx 000 0 und d
020 _a968-856-262-5
040 _aUPAN
_cBiblioteca San Vicente
_eRCAA2
041 _aspa
082 _a300.72
_bR653g
_c2006
100 _aRojas Soriano, Raùl
_4aut.
245 0 _aGuia para realizar investigaciones sociales/
_cRaúl Rojas Soriano
260 _aMéxico:
_bPyV,
_c2006
300 _a437 p.;
_c21 cm.
505 _aCapítulo I. Alcances y limitaciones de la investigación social . Capítulo II. El proceso de la investigación científica . Capítulo III. Criterios para seleccionar los temas de investigación. Capítulo IV. Planteamiento del problema. Capítulo V. Elaboración del marco teórico y conceptual de referencia. Capítulo VI. Técnicas de investigación documental y de campo para elaborar el problema y el marco teórico y conceptual. Capítulo VII. elaboración de hipótesis: proceso dialéctico. Capítulo VIII. Diseño de la moda. Capítulo IX. Operacionalización de hipótesis. Capítulo X. Objetividad-subjetividad en la investigación empírica. Capítulo XI. técnicas e instrumentos para recopilar la información. Capítulo XII. Otras Técnicas cualitativas en la investigación social. Capítulo XIII. Procedimientos para la prueba de las hipótesis. Capítulo XIV. Diseño de la muestra. Capítulo XV. Estrategia del trabajo de campo. Capítulo XVI. Procesamiento de la información. Capítulo XVII. Análisis e interpretación de los datos. Capítulo XVIII. Presentación de los resultados. Capítulo XIX. Redacción dl trabajo de investigación. Capítulo XX. Algunos errores que pueden cometerse en la investigación. Capítulo XXI. elementos básicos del método científico. Apéndice 1. Técnicas estadísticas en la investigación social. Apéndice II. Tabla de números aleatorios. Apéndice III. Áreas bajo la curva normal tipificada. Apéndice IV. Distribución JI cuadrada. Apéndice V. Tabla para determinar el de la muestra. Bibliografía.
650 _2LEMB
_xInvestigación social
_93
942 _cBK
_2ddc